000
00302nam a22001337a 4500
082
_a
894.812.3
_b
KUT/K
100
_a
KADAMBAZHIPPURAM,K N KUTTY
245
_a
KERALATHILE MUTHASSIKKATHAKAL
250
_a
SECOND
260
_a
THRISSUR
_b
H&C
_c
2009
300
_a
64
650
_a
STORY
_z
KERALA
942
_c
BK
999
_c
1821
_d
1821